Statistics for Country Superlatives #1

Click here to take the quiz!

General Stats

  • This quiz has been taken 156 times
  • The average score is 15 of 24

Answer Stats

SuperlativeCountry% Correct
Largest coffee producerBrazil
95%
Most tourist visits per yearFrance
91%
Longest coastlineCanada
90%
Largest Jewish populationIsrael
84%
Largest electricity producerChina
83%
Most merchant ships ownedJapan
82%
Largest wine producerItaly
80%
Largest wool producerAustralia
79%
Most Winter Olympic medalsGermany
77%
Largest island by populationIndonesia
73%
Most terrorist activitiesIraq
69%
Largest exporter of soccer playersArgentina
68%
Least peacefull countryAfghanistan
67%
Northernmost point on landDenmark
61%
Largest police forceIndia
61%
Largest recorded earthquakeChile
58%
Most Eurovision winsIreland
58%
Highest consumption of milk per capitaFinland
48%
Largest reserves of ZincIran
48%
Highest percentage of internet usersIceland
45%
Highest consumption of beer per capitaCzech Republic
35%
Most heavily mined countryEgypt
34%
Largest diamond producerBotswana
32%
Highest rate of urbanisationBurundi
5%

Score Distribution

Percentile by Number Answered

Percent of People with Each Score

Your Score History

You have not taken this quiz